Songs With Animals In The Title. - Statistics

General Stats
  • This quiz has been taken 24 times
    11 since last reset
  • The average score is 4 of 15
Answer Stats
Picture Hint Answer % Correct
Survivor Eye of the Tiger
100%
Pinkfong Baby Shark
50%
Meatloaf Bat out of hell
50%
Crazy Town Butterfly
50%
Bob Marley Buffalo Soldier
38%
Culture Club Karma Chameleon
38%
Andrew Stockdale Black Swan
25%
Beatles Octopus Garden
25%
Ylvis What does the fox say
25%
Nelly Furtado I'm like a bird
13%
The Cure Love Cats
13%
Black Sabbath War Pigs - Black Sabbath
13%
America A Horse with No Name
0%
Jimmy Nail Crocodile shoes
0%
Shelly Morningsong Wolf Nation
0%
No matching quizzes found
Score Distribution
Percent of People with Each Score
Percentile by Number Answered
Your Score History
You have not taken this quiz since the last reset